| 000 | 00499 a2200169 4500 | ||
|---|---|---|---|
| 003 | Nust | ||
| 005 | 20230123130233.0 | ||
| 040 | _cNust | ||
| 082 | _a822,IRW | ||
| 100 |
_aIrwin,Margaret _9107447 |
||
| 245 |
_aThe Gay Galliard / _cMargret Irwin |
||
| 260 |
_aLondon _bChatto and Windus |
||
| 300 | _a423;p | ||
| 505 | _aFirst Meeting (Page-15), second Meeting (Page-69), Interlude (Page-177), Lover Meeting (Page-195), No More a Roving (Page-407). | ||
| 650 |
_aStroy _9107448 |
||
| 942 |
_2ddc _cBK |
||
| 999 |
_c186698 _d186698 |
||